| 000 | 00907nam a2200277Ia 4500 | ||
|---|---|---|---|
| 005 | 20220317001111.0 | ||
| 008 | 160825s2008 spaa g 000 0 spa | ||
| 020 | _a9,7884815622e+012 | ||
| 082 | 0 | 4 |
_a927.492 _bZ82v |
| 100 | 1 | _aZuffi, Stefano | |
| 245 | 1 | 0 |
_aVermeer _cStefano Zuffi ; traducción Víctos Gallego |
| 250 | _a1a. edición | ||
| 300 |
_a143 páginas _bilustraciones _c24 cm |
||
| 490 | _aArtBook | ||
| 500 | _aIncluye indice | ||
| 600 | 1 | 4 |
_aVermeer, Jan _d 1632-1675 _xTrabajos pictóricos _966022 |
| 600 | 1 | 4 |
_aVermeer, Jan _q1632-1675 _xCrítica e interpretación _966023 |
| 650 | 1 | 4 |
_2LEMB _aPintores Holandeses |
| 700 | 1 |
_aGallego, Víctor _966024 |
|
| 942 |
_2ddc _cBK |
||
| 264 |
_aBarcelona _bElecta _c2008 |
||
| 336 |
_atexto _btxt _2rdacontent |
||
| 337 |
_asin mediación _bn _2rdamedia |
||
| 338 |
_avolumen _bnc _2rdacarrier |
||
| 040 |
_aCO-BoRNBP _bspa _erda _cCO-BoRNBP |
||
| 999 |
_c5928 _d5928 |
||